000
00206 a2200097 4500
001
4855
100
_a
Martin,C.
245
_a
Thieteen steps to the atoms the
260
_a
_b
Harper
_c
090
_c
4046
_d
4046
942
_a
NUST-CAE
_c
M
_c
30319
999
_c
239928
_d
239928